[Event "YUG-ch (Women)"]
[Site "Budva"]
[Date "2002.??.??"]
[Round "?"]
[White "Milivojevic, Slobodanka"]
[Black "Djuric, Vesna"]
[Result "1/2-1/2"]
[WhiteElo "2030"]
[BlackElo "2090"]
[PlyCount "172"]
[EventDate "2002.08.??"]
[EventType "team"]
[EventRounds "9"]
[EventCountry "YUG"]
[SourceTitle "EXT 2003"]
[Source "ChessBase"]
[SourceDate "2002.11.25"]
[SourceVersion "1"]
[SourceVersionDate "2002.11.25"]
[SourceQuality "1"]

1. e4 c5 2. Nf3 Nc6 3. d4 cxd4 4. Nxd4 Qc7 5. Be3 e6 6. Nxc6 dxc6 7. Be2 Nf6 8. Nc3 e5 9. 0-0 Be6 10. f3 Be7 11. Qe1 0-0 12. Qf2 Nd7 13. Rad1 Qa5 14. a3 Bxa3 15. Ra1 Qb4 16. Rxa3 Qxb2 17. Rfa1 Qxc2 18. Qg3 f6 19. Bd1 Qb2 20. Qe1 a5 21. Rxa5 Qxa1 22. Rxa1 Rxa1 23. h3 b5 24. Kh2 b4 25. Na4 b3 26. Nb2 c5 27. Qc3 Rb8 28. Be2 Kh8 29. f4 exf4 30. Bxf4 Rb4 31. Bf3 Ra2 32. Bd6 Rb5 33. e5 Nxe5 34. Bxe5 fxe5 35. Qxe5 Bf7 36. Qc7 Bg8 37. Qc8 c4 38. Nxc4 Rc2 39. Qe8 Rxc4 40. Qxb5 Rc8 41. Be4 Rd8 42. Qb6 Re8 43. Bc6 Re6 44. Qb7 Rd6 45. Be4 Rd8 46. Qb6 Re8 47. Bd3 Rc8 48. h4 Rc3 49. Bf5 h6 50. Qb8 Re3 51. Bg6 Re7 52. Bd3 g5 53. Bc4 Rg7 54. Bxb3 gxh4 55. Bxg8 Rxg8 56. Qe5+ Rg7 57. Qe8+ Rg8 58. Qh5 Kh7 59. Qxh4 Rg7 60. Qe4+ Kg8 61. Kh3 Rg5 62. Kh4 Kg7 63. Qe7+ Kg6 64. Qe8+ Kg7 65. g4 Kh7 66. Qf7+ Kh8 67. Kg3 Rg7 68. Qf6 Kh7 69. Kf4 Rg6 70. Qf7+ Rg7 71. Qf5+ Kg8 72. Ke5 Re7+ 73. Kd6 Rg7 74. Qe6+ Kh7 75. Ke5 Rg5+ 76. Kf4 Rg6 77. Qf5 Kg7 78. Ke5 Rg5 79. Qxg5+ hxg5 80. Kf5 Kh6 81. Kf6 Kh7 82. Kxg5 Kg7 83. Kf5 Kf7 84. g5 Kg7 85. g6 Kg8 86. Kf6 Kf8 1/2-1/2

[Event "EU-Cup (Women) 06th"]
[Site "Belgrade"]
[Date "2001.09.21"]
[Round "6"]
[White "Djuric, Vesna"]
[Black "Markovic, Gordana"]
[Result "1-0"]
[WhiteElo "2015"]
[BlackElo "2265"]
[PlyCount "87"]
[EventDate "2001.09.16"]
[EventType "team-swiss"]
[EventRounds "7"]
[EventCountry "YUG"]
[SourceTitle "EXT 2013"]
[Source "ChessBase"]
[SourceDate "2012.11.22"]
[SourceVersion "1"]
[SourceVersionDate "2012.11.22"]
[SourceQuality "1"]
[WhiteTeam "Sarajevo Slavija (W)"]
[BlackTeam "Belgrade BAS (W)"]
[WhiteTeamCountry "BIH"]
[BlackTeamCountry "YUG"]

1. d4 e6 2. Nf3 f5 3. g3 Nf6 4. Bg2 d5 5. c4 c6 6. 0-0 Bd6 7. b3 Qe7 8. Bb2 0-0 9. Nbd2 b6 10. Rc1 Bb7 11. Ne5 Rc8 12. cxd5 exd5 13. Ndf3 Nbd7 14. Bh3 g6 15. Rc2 Rc7 16. Qc1 Rac8 17. Qg5 Ne4 18. Qxe7 Bxe7 19. g4 Nd6 20. Nxd7 Rxd7 21. Ne5 Rdc7 22. Ba3 Rf8 23. Rfc1 Nc8 24. Bb2 Bg5 25. e3 f4 26. Nf3 Be7 27. Bg2 Bd6 28. Ne5 Bxe5 29. dxe5 f3 30. Bf1 Ne7 31. e4 Rf4 32. exd5 Nxd5 33. h3 h5 34. Bc4 Rh7 35. Bxd5+ cxd5 36. Rc7 Rff7 37. Rxf7 Rxf7 38. Kh2 Ba6 39. Rc6 Bd3 40. e6 Rf8 41. Rc7 Rf4 42. Kg3 g5 43. Rg7+ Kf8 44. Rxg5 1-0

[Event "EU-ch U18 Girls"]
[Site "Chalkidiki"]
[Date "2001.09.07"]
[Round "7"]
[White "Fliter, Irena"]
[Black "Djuric, Vesna"]
[Result "1-0"]
[WhiteElo "2110"]
[BlackElo "2015"]
[PlyCount "99"]
[EventDate "2001.08.31"]
[EventType "swiss"]
[EventRounds "9"]
[EventCountry "GRE"]
[SourceTitle "EXT 2002"]
[Source "ChessBase"]
[SourceDate "2001.11.25"]
[SourceVersion "1"]
[SourceVersionDate "2001.11.25"]
[SourceQuality "1"]

1. e4 c5 2. Nf3 Nc6 3. d4 cxd4 4. Nxd4 Qc7 5. Nb5 Qb8 6. Bd3 Nf6 7. Be3 e6 8. Nd2 d5 9. 0-0 a6 10. Nd4 Nxd4 11. Bxd4 e5 12. Be3 d4 13. Bg5 Be7 14. Bc4 0-0 15. Bxf6 Bxf6 16. Bd5 Bd7 17. Qf3 Bc6 18. Bxc6 bxc6 19. b3 Qd6 20. Nc4 Qe6 21. Qg3 g6 22. Rad1 Bg7 23. Rfe1 Rae8 24. Qd3 c5 25. Qd2 Qc6 26. Qa5 f5 27. f3 Re6 28. Re2 Bf6 29. Qe1 f4 30. Red2 Bd8 31. Rd3 Rf7 32. c3 Qb5 33. cxd4 cxd4 34. Qd2 Rc6 35. Qe1 Rfc7 36. a4 Qc5 37. Qa5 Rb7 38. Qxd8+ Kg7 39. Qd5 Re7 40. Qxc5 Rxc5 41. Nxe5 Rexe5 42. Rxd4 Rc3 43. R4d3 Rc2 44. Rd5 Re6 45. Rd6 Re8 46. Rxa6 Rb8 47. Rd7+ Kh6 48. h4 Rxb3 49. Raa7 g5 50. Rd6+ 1-0